Polnočná omša : dráma v 3 dejstvách s prológom (v 5 obrazoch) /

Hlavní autor: Karvaš, Peter, 1920-1999
Jazyk: Slovenština
Vydáno: Bratislava : Slovenský spisovateľ, 1960
Vydání: 1. vyd.
Fyzický popis: 165 s.
Knihy
Uloženo v:
LEADER 00651nam a22002052a 4500
001 001405994
003 CZ BrMZK
005 20140723080129.0
007 ta
008 140723s1960 xo er|||||||||||slo d
040 |a BOA001  |b cze 
100 1 |a Karvaš, Peter,  |d 1920-1999  |7 jn19990210318  |4 aut 
245 1 0 |a Polnočná omša :  |b dráma v 3 dejstvách s prológom (v 5 obrazoch) /  |c Peter Karvaš 
250 |a 1. vyd. 
260 |a Bratislava :  |b Slovenský spisovateľ,  |c 1960 
300 |a 165 s. 
910 |a BOA001  |b 2-0433.284 
990 |a BK 
991 |b 201407 
996 7 |b 2619096098  |c 2-0433.284  |l MZK  |r Sklad / do 24 hodin  |n 1  |w 001441169  |u 000010  |a 1  |e BOA001  |j MZK50  |s A